The political thought of Samuel Taylor Coleridge /

Bibliographic Details
Main Author: Coleridge, Samuel Taylor, 1772-1834
Other Authors: White, Reginald James
Format: Book
Language:English
Published: London : J. Cape, [1938]
Subjects:

MARC

Tag First Indicator Second Indicator Subfields
LEADER 00000cam a2200000 4500
001 in00000060608
005 20151008050530.0
008 780728r1938 enk b 00010 eng
010 |a  39002662  
035 |a (OCoLC)04094500 
035 |9 AAG1630AM 
040 |a DLC  |c HDC  |d TXA  |d UtOrBLW 
049 |a TXAM  |c [224030] 
050 0 0 |a JC224  |b .C6 
082 0 |a 320.81 
092 |a 320.81  |b C693po 
100 1 |a Coleridge, Samuel Taylor,  |d 1772-1834. 
245 1 4 |a The political thought of Samuel Taylor Coleridge /  |c a selection by R. J. White ... 
264 1 |a London :  |b J. Cape,  |c [1938] 
300 |a 272 pages ;  |c 21 cm. 
336 |a text  |b txt  |2 rdacontent 
337 |a unmediated  |b n  |2 rdamedia 
338 |a volume  |b nc  |2 rdacarrier 
500 |a "First published 1938." 
504 |a Bibliography: pages 247-248. 
650 0 |a Social problems in literature. 
650 0 |a Political science. 
700 1 |a White, Reginald James. 
999 |a MARS 
999 f f |s f5368bb1-a6fe-3269-9a82-f849545fad9e  |i 93cdc863-9a71-328e-8b9b-90989ab4881a  |t 0 
952 f f |p ric  |a Texas A&M University  |b Rellis Campus  |c Joint Library Facility  |d Remote Storage  |t 0  |e JC224 .C6  |h Library of Congress classification  |i unmediated -- volume  |m A14800659173 
998 f f |a JC224 .C6  |t 0  |l Remote Storage